[Event "41st Hoogovens it"]
[Site "Wijk aan Zee NED"]
[Date "1979.01.20"]
[Round "2"]
[White "Dzindzichashvili, Roman"]
[Black "Hort, Vlastimil"]
[Result "1/2-1/2"]
[WhiteElo "2595"]
[BlackElo "2600"]
[EventDate "1979.01.19"]
[PlyCount "33"]

1. c4 Nf6 2. Nf3 e6 3. g3 b6 4. Bg2 Bb7 5. O-O Be7 6. d4 O-O 7. Nc3 Ne4 8. Nxe4 Bxe4 9. Ne1 d5 10. Qa4 Qd7 11. Qxd7 Nxd7 12. Bxe4 dxe4 13. f3 Bf6 14. Be3 c5 15. Nc2 exf3 16. exf3 Rfd8 17. Rad1 1/2-1/2

[Event "41st Hoogovens it"]
[Site "Wijk aan Zee NED"]
[Date "1979.01.20"]
[Round "2"]
[White "Ree, Hans"]
[Black "Nikolac, Juraj"]
[Result "0-1"]
[WhiteElo "2480"]
[BlackElo "2450"]
[EventDate "1979.01.19"]
[PlyCount "96"]

1. c4 e6 2. Nc3 d5 3. d4 c6 4. Nf3 Nf6 5. Bg5 Nbd7 6. e3 Qa5 7. Nd2 Bb4 8. Qc2 O-O 9. Be2 dxc4 10. Bxf6 Nxf6 11. Nxc4 Qc7 12. O-O Bd7 13. a3 Be7 14. Ne5 Rfd8 15. b4 Be8 16. f4 b6 17. Rac1 Qb7 18. f5 exf5 19. Qxf5 Qc8 20. Qf3 c5 21. bxc5 bxc5 22. d5 Rb8 23. Nc4 Qc7 24. Bd3 Rb3 25. e4 Bd6 26. Qh3 Be5 27. d6 Bd4+ 28. Kh1 Qc8 29. Qxc8 Rxc8 30. e5 Rxc3 31. Rxc3 Bxc3 32. exf6 Bxf6 33. Rb1 Bc6 34. Na5 Ba8 35. Bf5 Rd8 36. d7 g6 37. Bh3 Kf8 38. Rb5 Bd4 39. Nb7 Bxb7 40. Rxb7 c4 41. Bg4 Bb6 42. a4 Ke7 43. a5 Bc5 44. Rb5 Kd6 45. Be2 c3 46. Rb3 Bd4 47. Rb4 Be5 48. Bb5 Kc5 0-1

[Event "41st Hoogovens it"]
[Site "Wijk aan Zee NED"]
[Date "1979.01.21"]
[Round "3"]
[White "Hubner, Robert"]
[Black "Ree, Hans"]
[Result "1/2-1/2"]
[WhiteElo "2595"]
[BlackElo "2480"]
[EventDate "1979.01.19"]
[PlyCount "65"]

1. c4 e6 2. Nf3 Nf6 3. g3 d5 4. Bg2 dxc4 5. Qa4+ Nbd7 6. Qxc4 c5 7. O-O b6 8. Nh4 Rb8 9. Nc3 a6 10. Rd1 b5 11. Qb3 Qb6 12. d3 Bb7 13. e4 Be7 14. h3 O-O 15. Be3 Rfd8 16. Rac1 Rbc8 17. Nf3 Qc7 18. a4 c4 19. dxc4 b4 20. Ne2 Bxe4 21. Nf4 Nc5 22. Bxc5 Bxc5 23. Rxd8+ Rxd8 24. Rd1 Rxd1+ 25. Qxd1 e5 26. Nd5 Bxd5 27. cxd5 e4 28. Nd4 Qe5 29. Nb3 Bd6 30. Qe2 Qxd5 31. Nd2 Qd4 32. Nxe4 Nxe4 33. Qxe4 1/2-1/2

[Event "41st Hoogovens it"]
[Site "Wijk aan Zee NED"]
[Date "1979.01.23"]
[Round "4"]
[White "Dzindzichashvili, Roman"]
[Black "Nikolac, Juraj"]
[Result "1/2-1/2"]
[WhiteElo "2595"]
[BlackElo "2450"]
[EventDate "1979.01.19"]
[PlyCount "80"]

1. Nf3 g6 2. e4 Bg7 3. d4 d6 4. Bc4 c6 5. Bb3 Nf6 6. Qe2 O-O 7. O-O a5 8. a4 Na6 9. c3 Nc7 10. h3 Nh5 11. Rd1 d5 12. e5 Ne6 13. g3 f6 14. c4 fxe5 15. cxd5 Nxd4 16. Nxd4 exd4 17. Bg5 Qb6 18. Qc4 cxd5 19. Qxd5+ e6 20. Qb5 Qxb5 21. axb5 Rf5 22. h4 Rxb5 23. Nd2 Bd7 24. Rdc1 h6 25. Be7 Re8 26. Ba3 d3 27. Rd1 Bd4 28. Kg2 Bc6+ 29. f3 g5 30. Ba4 Re5 31. Bxc6 Re2+ 32. Kh3 bxc6 33. hxg5 hxg5 34. Ne4 Re3 35. Kg4 Nf6+ 36. Nxf6+ Bxf6 37. Bc5 Re2 38. Rxd3 Rxb2 39. Rxa5 Rb7 40. Rd6 Rc7 1/2-1/2

[Event "41st Hoogovens it"]
[Site "Wijk aan Zee NED"]
[Date "1979.01.23"]
[Round "4"]
[White "Ree, Hans"]
[Black "Polugaevsky, Lev"]
[Result "1/2-1/2"]
[WhiteElo "2480"]
[BlackElo "2625"]
[EventDate "1979.01.19"]
[PlyCount "21"]

1. c4 c5 2. Nc3 g6 3. g3 Bg7 4. Bg2 Nc6 5. e3 e6 6. Nge2 Nge7 7. O-O O-O 8. d4 cxd4 9. Nxd4 d5 10. cxd5 Nxd5 11. Nxd5 1/2-1/2

[Event "41st Hoogovens it"]
[Site "Wijk aan Zee NED"]
[Date "1979.01.24"]
[Round "5"]
[White "Hort, Vlastimil"]
[Black "Timman, Jan"]
[Result "1/2-1/2"]
[WhiteElo "2600"]
[BlackElo "2625"]
[EventDate "1979.01.19"]
[PlyCount "31"]

1. e4 c5 2. Nf3 Nc6 3. Bb5 e6 4. O-O Nge7 5. Re1 a6 6. Bf1 d5 7. exd5 Nxd5 8. d4 Be7 9. dxc5 O-O 10. c4 Nf6 11. Nc3 Bxc5 12. Bg5 Qb6 13. Qc2 Nd4 14. Nxd4 Bxd4 15. Be3 Bxe3 16. Rxe3 1/2-1/2

[Event "41st Hoogovens it"]
[Site "Wijk aan Zee NED"]
[Date "1979.01.24"]
[Round "5"]
[White "Polugaevsky, Lev"]
[Black "Dzindzichashvili, Roman"]
[Result "1/2-1/2"]
[WhiteElo "2625"]
[BlackElo "2595"]
[EventDate "1979.01.19"]
[PlyCount "26"]

1. d4 Nf6 2. c4 e6 3. Nf3 b6 4. g3 Ba6 5. Qa4 Bb7 6. Bg2 c5 7. O-O cxd4 8. Nxd4 Bxg2 9. Kxg2 Qc7 10. Nc3 Be7 11. Rd1 O-O 12. Bf4 Qb7+ 13. f3 a6 1/2-1/2

[Event "41st Hoogovens it"]
[Site "Wijk aan Zee NED"]
[Date "1979.01.25"]
[Round "6"]
[White "Ree, Hans"]
[Black "Dzindzichashvili, Roman"]
[Result "1-0"]
[WhiteElo "2480"]
[BlackElo "2595"]
[EventDate "1979.01.19"]
[PlyCount "79"]

1. c4 e5 2. Nc3 Nf6 3. Nf3 Nc6 4. g3 d5 5. cxd5 Nxd5 6. Bg2 Nb6 7. O-O Be7 8. a3 O-O 9. b4 Be6 10. d3 a6 11. Be3 f5 12. Na4 Nxa4 13. Qxa4 Bd5 14. Rac1 Kh8 15. Bc5 e4 16. dxe4 fxe4 17. Nd2 Bxc5 18. Rxc5 Nd4 19. Qd1 Re8 20. e3 Ne6 21. Rc1 Ng5 22. h4 Nf7 23. Qc2 c6 24. Nxe4 Qe7 25. Nc5 Bxg2 26. Kxg2 Ne5 27. Nd3 Nxd3 28. Qxd3 Rad8 29. Qc4 Rd2 30. Kg1 Red8 31. Rc2 R2d3 32. a4 R3d5 33. Qg4 h6 34. Rc4 Qf6 35. Rf4 Qe7 36. Qf3 Kg8 37. Rc1 Rd2 38. Rcc4 Qe6 39. Kg2 Ra2 40. Rce4 1-0

[Event "41st Hoogovens it"]
[Site "Wijk aan Zee NED"]
[Date "1979.01.27"]
[Round "7"]
[White "Hort, Vlastimil"]
[Black "Sosonko, Gennadi"]
[Result "1/2-1/2"]
[WhiteElo "2600"]
[BlackElo "2535"]
[EventDate "1979.01.19"]
[PlyCount "35"]

1. d4 Nf6 2. c4 e6 3. Nc3 Bb4 4. e3 c5 5. Nge2 cxd4 6. exd4 O-O 7. a3 Be7 8. g3 d5 9. cxd5 Nxd5 10. Bg2 Nxc3 11. bxc3 Nc6 12. O-O Bd7 13. Nf4 Rc8 14. Re1 Na5 15. d5 exd5 16. Nxd5 Be6 17. Nxe7+ Qxe7 18. Bf4 1/2-1/2

[Event "41st Hoogovens it"]
[Site "Wijk aan Zee NED"]
[Date "1979.01.27"]
[Round "7"]
[White "Nikolac, Juraj"]
[Black "Timman, Jan"]
[Result "0-1"]
[WhiteElo "2450"]
[BlackElo "2625"]
[EventDate "1979.01.19"]
[PlyCount "112"]

1. Nf3 Nf6 2. b3 g6 3. Bb2 Bg7 4. g3 d6 5. d4 b5 6. Bg2 Bb7 7. Nbd2 Nbd7 8. O-O c5 9. c4 bxc4 10. Nxc4 O-O 11. dxc5 d5 12. Nce5 Nxc5 13. Rc1 Nfe4 14. b4 Ne6 15. Nd4 Qd6 16. Nxe6 Qxe6 17. Nd3 Bxb2 18. Nxb2 Rfc8 19. Qd4 Qa6 20. Nd3 Qxa2 21. Bxe4 dxe4 22. Nc5 Bc6 23. e3 Qd5 24. Qxd5 Bxd5 25. Rfd1 e6 26. Nd7 Kg7 27. b5 Bb3 28. Rxc8 Rxc8 29. Ra1 Rc7 30. b6 axb6 31. Nxb6 Rc6 32. Nd7 g5 33. g4 Rc7 34. Nb6 h5 35. h3 h4 36. Rb1 Rc3 37. Nd7 Bd5 38. Nb6 Bc6 39. Kg2 f5 40. Rb4 Kf6 41. Rc4 Rxc4 42. Nxc4 f4 43. Nd2 f3+ 44. Kf1 Ke5 45. Ke1 Kd5 46. Kd1 Bb5 47. Kc2 Bd3+ 48. Kc3 e5 49. Kb4 Kc6 50. Kc3 Kc5 51. Nb3+ Kd5 52. Nd2 Ba6 53. Kb4 Bb7 54. Kb5 Bc8 55. Kb4 Ba6 56. Ka5 Bf1 0-1

[Event "41st Hoogovens it"]
[Site "Wijk aan Zee NED"]
[Date "1979.01.28"]
[Round "8"]
[White "Timman, Jan"]
[Black "Polugaevsky, Lev"]
[Result "0-1"]
[WhiteElo "2625"]
[BlackElo "2625"]
[EventDate "1979.01.19"]
[PlyCount "114"]

1. d4 Nf6 2. c4 e6 3. Nf3 b6 4. g3 Bb7 5. Bg2 Bb4+ 6. Bd2 Be7 7. Nc3 O-O 8. O-O Na6 9. Ne5 Bxg2 10. Kxg2 Qc8 11. e4 Qb7 12. Qf3 c6 13. Rfe1 Nb4 14. Rac1 d6 15. Nd3 Nxd3 16. Qxd3 a6 17. d5 cxd5 18. cxd5 b5 19. a3 Rac8 20. Bf4 Rc4 21. dxe6 fxe6 22. f3 Rd8 23. Red1 Nd7 24. b3 Rcc8 25. Ne2 Nc5 26. Qb1 b4 27. Be3 bxa3 28. b4 Nd7 29. Nf4 Nf8 30. Qb3 d5 31. exd5 Qxb4 32. Qxb4 Bxb4 33. dxe6 Rxd1 34. Rxd1 a2 35. Nd5 Rd8 36. e7 Rxd5 37. Rxd5 a1=Q 38. e8=Q Qa2+ 39. Bd2 Bxd2 40. Re5 Bb4+ 41. Re2 Qd5 42. h4 a5 43. Re4 Bd6 44. Re2 h6 45. g4 Qd4 46. h5 Bc5 47. Kg3 Qg1+ 48. Kf4 Bd6+ 49. Ke4 Qc5 50. Qa8 Qc4+ 51. Ke3 Bc5+ 52. Kd2 Qa2+ 53. Kd1 Qb1+ 54. Kd2 Qb2+ 55. Kd1 Qb3+ 56. Kd2 Bb4+ 57. Kc1 Qd3 0-1

[Event "41st Hoogovens it"]
[Site "Wijk aan Zee NED"]
[Date "1979.01.29"]
[Round "9"]
[White "Dzindzichashvili, Roman"]
[Black "Timman, Jan"]
[Result "0-1"]
[WhiteElo "2595"]
[BlackElo "2625"]
[EventDate "1979.01.19"]
[PlyCount "111"]

1. c4 e5 2. Nc3 Nf6 3. Nf3 Nc6 4. g3 Bb4 5. Nd5 Bc5 6. Bg2 d6 7. O-O a6 8. d3 h6 9. a3 O-O 10. b4 Ba7 11. Bb2 Nxd5 12. cxd5 Ne7 13. Qb3 c6 14. dxc6 Be6 15. Qd1 bxc6 16. Qc2 f5 17. e3 Qd7 18. Rac1 Rac8 19. Qe2 Rb8 20. Bxe5 dxe5 21. Nxe5 Qe8 22. d4 Rb6 23. Nc4 Bxc4 24. Rxc4 Bb8 25. Rfc1 Rf6 26. Rc5 Qd7 27. Ra5 Qb7 28. Bf1 Kf8 29. Qh5 Bc7 30. Rac5 Bd6 31. R5c3 Nd5 32. R3c2 Ne7 33. Bg2 Qd7 34. Qe2 Bb8 35. Rc5 Bd6 36. Ra5 Qb7 37. Bf1 Rb5 38. Rxb5 axb5 39. Bg2 Bb8 40. Qc2 Qb6 41. a4 bxa4 42. Qxa4 g5 43. Qa5 Bc7 44. d5 Qb8 45. Qa6 f4 46. exf4 gxf4 47. dxc6 Qxb4 48. Qa1 Kf7 49. Rb1 Qc5 50. Rc1 Qg5 51. Qa2+ Kg7 52. Re1 Qc5 53. Qe2 Ng6 54. Be4 fxg3 55. hxg3 Bxg3 56. Rf1 0-1

[Event "41st Hoogovens it"]
[Site "Wijk aan Zee NED"]
[Date "1979.01.29"]
[Round "9"]
[White "Hort, Vlastimil"]
[Black "Ree, Hans"]
[Result "1/2-1/2"]
[WhiteElo "2600"]
[BlackElo "2480"]
[EventDate "1979.01.19"]
[PlyCount "140"]

1. e4 e5 2. Nf3 d6 3. d4 Nf6 4. Nc3 Nbd7 5. Bc4 Be7 6. O-O O-O 7. a4 c6 8. Re1 Qc7 9. Bd2 Nb6 10. Ba2 Bg4 11. a5 Nbd7 12. d5 cxd5 13. Bxd5 Rfe8 14. a6 Nxd5 15. Nxd5 Qc6 16. Bb4 Bf8 17. Re3 bxa6 18. Rea3 Qb7 19. Rxa6 Nb6 20. c3 Be6 21. Nxb6 axb6 22. Qe2 Rxa6 23. Rxa6 Ra8 24. Rxa8 Qxa8 25. h3 h6 26. Kh2 Qc6 27. Qe3 Be7 28. Nxe5 dxe5 29. Bxe7 b5 30. f3 Qc4 31. Qb6 Kh7 32. h4 f6 33. Qa7 Bf7 34. Bf8 h5 35. Qd7 Kg8 36. Be7 Qe2 37. Qd8+ Kh7 38. Bxf6 gxf6 39. Qxf6 Kg8 40. Qg5+ Kf8 41. Qd8+ Kg7 42. Qg5+ Kf8 43. Qxe5 Qxb2 44. Qd6+ Ke8 45. Qc6+ Kf8 46. Qc5+ Kg8 47. Qe3 Qb3 48. Kg3 Kf8 49. Qc5+ Kg8 50. Qd4 Qb1 51. Kf4 Qb3 52. Kg5 Qe6 53. Qf6 Qe8 54. Qd6 Kh7 55. Qh6+ Kg8 56. Qf6 Kh7 57. e5 Qg8+ 58. Kf5 Bg6+ 59. Kf4 Bf7 60. Qe7 Qg6 61. g4 hxg4 62. fxg4 Qh6+ 63. Qg5 Qc6 64. Qf6 Qxf6+ 65. exf6 Kg6 66. Ke5 Bc4 67. g5 Bb3 68. Kd6 Bc4 69. Ke7 Bb3 70. h5+ Kxh5 1/2-1/2

[Event "41st Hoogovens it"]
[Site "Wijk aan Zee NED"]
[Date "1979.01.29"]
[Round "9"]
[White "Polugaevsky, Lev"]
[Black "Hubner, Robert"]
[Result "1/2-1/2"]
[WhiteElo "2625"]
[BlackElo "2595"]
[EventDate "1979.01.19"]
[PlyCount "39"]

1. d4 Nf6 2. c4 e6 3. Nf3 d5 4. Nc3 Be7 5. Bg5 O-O 6. e3 h6 7. Bh4 b6 8. Qb3 dxc4 9. Bxc4 Bb7 10. O-O Ne4 11. Bxe7 Qxe7 12. Nxe4 Bxe4 13. Rac1 Rc8 14. Be2 Bd5 15. Qa4 c5 16. dxc5 Rxc5 17. Rxc5 Qxc5 18. a3 Qc6 19. Bb5 Qc7 20. Rd1 1/2-1/2

[Event "41st Hoogovens it"]
[Site "Wijk aan Zee NED"]
[Date "1979.01.30"]
[Round "10"]
[White "Hubner, Robert"]
[Black "Dzindzichashvili, Roman"]
[Result "0-1"]
[WhiteElo "2595"]
[BlackElo "2595"]
[EventDate "1979.01.19"]
[PlyCount "114"]

1. d4 Nf6 2. c4 e6 3. Nf3 b6 4. e3 Bb7 5. Bd3 d5 6. b3 Nbd7 7. O-O Bd6 8. Bb2 O-O 9. Qe2 a6 10. Nbd2 Ne4 11. Rad1 Qe7 12. Nb1 dxc4 13. bxc4 e5 14. Qc2 exd4 15. exd4 Ng5 16. Nxg5 Qxg5 17. g3 Qh5 18. Nd2 Nf6 19. f3 c5 20. d5 Be5 21. Ne4 Nxe4 22. Bxe4 Bxb2 23. Qxb2 Qh6 24. a4 Rae8 25. Rfe1 Qd6 26. Rb1 Bc8 27. Re2 f5 28. Bd3 Rxe2 29. Bxe2 f4 30. g4 h5 31. gxh5 Bf5 32. Rd1 Re8 33. Kh1 Re3 34. Rg1 Qe5 35. Qxe5 Rxe5 36. Bf1 Kf7 37. Bg2 Re3 38. Ra1 Rb3 39. Kg1 Rb1+ 40. Rxb1 Bxb1 41. Bh3 Bd3 42. d6 Bxc4 43. Kf2 Bd5 44. Ke2 Bc6 45. Kd3 Bxf3 46. Kc4 Bd1 47. a5 bxa5 48. Kxc5 Ke8 49. Kb6 Kd8 50. Kxa5 f3 51. Kb4 f2 52. Bf1 Bg4 53. Bxa6 Bh3 54. Kc5 f1=Q 55. Bxf1 Bxf1 56. Kd5 Kd7 57. Ke5 Be2 0-1